01009nam a22002657a 450000500170000001000130001702000250003003500130005503700160006804000120008408200170009624501350011324600060024826000390025427000470029330000200034050000510036065000500041165000450046170000310050670000210053794200260055899900190058495201400060320170124105952.0 aB-059670 c425.00a780761995562 haB-059670 bCen Lib/Ret aDPLbEN a338.954bDEM aDemocratic governance in India :cedited by Niraja Gopal Jayal [and] Sudha Paibchallenges of poverty, development, and identity / b  bSage Publicationsc2001aNew Delhi bNew DelhiaM-32 Greater Kailash-Ie110048 a263p.c22cm(Hb) aIncludes bibliographical references and index  aIndia -- Politics and government -- 1977-937 aIndia -- Economic policy -- 1991-910701 aJayal, Niraja Gopal913912 aPai, Sudha99951 2ddccENh338.954mDEM c125374d125374 00104070aLbLd2015-06-20eCen Lib/Retg425.00l1o338.954 DEMpB-059670r2018-08-01 00:00:00s2018-07-18t1v425.00w2015-06-20yEN